000 00735nam a2200241 a 4500
005 20230902063621.0
008 070123s2005 mx r 000 0 spa d
020 _a8449317029
035 _aUPN01000148826
049 _aCG
050 4 _aBC177
_bC7.4
100 1 _aCryan, Dan
245 1 0 _aLógica para todos /
_cDan Cryan, Sharron Shatil y Bill Mayblin ; ed. Richard Appignanesi ; tr. Pablo Hermida Lazcano.
260 _aBarcelona, Esp. :
_bPaidós,
_c2005.
300 _a176 p. :
_bil.
440 0 _aPaidós ;
_v4
534 _pTítulo original:
_tIntroducing logic
650 4 _aLógica
_96206
650 4 _aRazonamiento
_93600
700 1 _aShatil, Sharron,
_ecoaut.
700 1 _aMayblin, Bill,
_ecoaut.
905 _aLibro
999 _c120967
_d120967